00425nam a2200145 a 450000100100000000500170001000800410002702000150006804000250008324500450010826000360015330000350018950000250022450400300024900003885220201002031409.0130430s20uu dr 000 0 spa d a9872095507 aDO-SdBNPbspacBNPHU03aEl abc de la biotecnología de plantas. aSanto omingo :bCEDAF,c[200?]. a92 p. :bil., retrs. ;c18 cm. aTexto a dos columnas aBibliografía : p. 85-86